[Event "28th Rubinstein Memorial"]
[Site "Polanica Zdroj POL"]
[Date "1991.09.??"]
[Round "1"]
[White "Lau, Ralf"]
[Black "Gdanski, Jacek"]
[WhiteElo "2500"]
[BlackElo "2430"]
[Result "1/2-1/2"]
[EventDate "1991.09.03"]
[PlyCount "29"]
1. g3 e5 2. Bg2 Nc6 3. e4 g6 4. d3 Bg7 5. Nc3 Nge7 6. f4 exf4 7. Bxf4 O-O 8. Nf3 d5 9. O-O Bg4 10. Nxd5 Nxd5 11. exd5 Qxd5 12. c3 Qd7 13. d4 Rae8 14. Qd2 Nd8 15. Rae1 1/2-1/2

[Event "28th Rubinstein Memorial"]
[Site "Polanica Zdroj POL"]
[Date "1991.09.??"]
[Round "1"]
[White "Schmittdiel, Eckhard"]
[Black "Smejkal, Jan"]
[WhiteElo "2490"]
[BlackElo "2555"]
[Result "1-0"]
[EventDate "1991.09.03"]
[PlyCount "59"]
1. e4 e5 2. Nc3 Nc6 3. g3 Bc5 4. Bg2 a6 5. Nge2 d6 6. Nd5 Nf6 7. O-O O-O 8. c3 Nxd5 9. exd5 Ne7 10. d4 exd4 11. Nxd4 Nf5 12. Nf3 h6 13. b4 Ba7 14. Bb2 Qf6 15. Qd2 Re8 16. c4 Qg6 17. Rfe1 Bd7 18. Qc3 Rxe1+ 19. Rxe1 Re8 20. c5 Rxe1+ 21. Nxe1 f6 22. Nd3 Qe8 23. Nf4 Qe7 24. c6 bxc6 25. dxc6 Be8 26. Qd2 Kh8 27. Nd5 Qd8 28. g4 Ne7 29. Nxf6 Bxc6 30. Nh5 1-0

[Event "28th Rubinstein Memorial"]
[Site "Polanica Zdroj POL"]
[Date "1991.09.??"]
[Round "2"]
[White "Adorjan, Andras"]
[Black "Schmittdiel, Eckhard"]
[WhiteElo "2530"]
[BlackElo "2490"]
[Result "1/2-1/2"]
[EventDate "1991.09.03"]
[PlyCount "40"]
1. c4 Nf6 2. Nc3 e6 3. Nf3 Bb4 4. g3 O-O 5. Bg2 d5 6. a3 Be7 7. d4 Nbd7 8. c5 c6 9. O-O Ne4 10. Nxe4 dxe4 11. Ne5 f5 12. Nxd7 Qxd7 13. Bf4 b6 14. b4 Ba6 15. Rc1 bxc5 16. bxc5 Rad8 17. Be5 Bf6 18. Bd6 Be7 19. Be5 Bf6 20. Bd6 Be7 1/2-1/2

[Event "28th Rubinstein Memorial"]
[Site "Polanica Zdroj POL"]
[Date "1991.09.??"]
[Round "2"]
[White "Kuczynski, Robert"]
[Black "Dolmatov, Sergei"]
[WhiteElo "2480"]
[BlackElo "2605"]
[Result "1-0"]
[EventDate "1991.09.03"]
[PlyCount "131"]
1. e4 e6 2. d4 d5 3. Nc3 Nf6 4. e5 Nfd7 5. f4 c5 6. Nf3 Nc6 7. Be3 a6 8. Qd2 b5 9. dxc5 Bxc5 10. Bxc5 Nxc5 11. Qf2 Qb6 12. Bd3 Rb8 13. O-O Nb4 14. Rfd1 Na4 15. Nxa4 bxa4 16. b3 axb3 17. axb3 O-O 18. Qxb6 Rxb6 19. Nd4 f6 20. g3 fxe5 21. fxe5 Bd7 22. Ra5 Nxd3 23. Rxd3 Rc8 24. Kf2 Kf7 25. c3 Kg6 26. Rf3 Bb5 27. g4 h5 28. gxh5+ Kh6 29. Ra1 Be8 30. Rf8 Bd7 31. Rxc8 Bxc8 32. Ke3 Bd7 33. Rf1 Be8 34. Rf8 Bxh5 35. h4 a5 36. Ra8 Bd1 37. Rxa5 Bxb3 38. Ra8 Bd1 39. Kf4 Kg6 40. Ra7 Rb2 41. Nxe6 Rf2+ 42. Ke3 Rh2 43. Nf4+ Kf5 44. e6 Rxh4 45. Rf7+ Ke5 46. e7 Ba4 47. e8=Q+ Bxe8 48. Re7+ Kd6 49. Rxe8 g5 50. Ne2 Rh3+ 51. Kd2 Rh4 52. Rg8 Rg4 53. Kd3 Ke5 54. Re8+ Kd6 55. Ke3 Kc5 56. Kf3 Rh4 57. Rc8+ Kd6 58. Ke3 Re4+ 59. Kd3 Rh4 60. Re8 Rh3+ 61. Kd2 Rh2 62. Rg8 Rg2 63. Ke3 Kc5 64. Kf3 Rh2 65. Rxg5 Rh3+ 66. Rg3 1-0

[Event "28th Rubinstein Memorial"]
[Site "Polanica Zdroj POL"]
[Date "1991.09.??"]
[Round "3"]
[White "Lau, Ralf"]
[Black "Smejkal, Jan"]
[WhiteElo "2500"]
[BlackElo "2555"]
[Result "1/2-1/2"]
[EventDate "1991.09.03"]
[PlyCount "33"]
1. Nf3 Nf6 2. c4 c5 3. Nc3 Nc6 4. d4 cxd4 5. Nxd4 e6 6. e3 Be7 7. Be2 O-O 8. O-O d5 9. cxd5 Nxd4 10. Qxd4 Nxd5 11. Nxd5 Qxd5 12. Qxd5 exd5 13. b3 Bf6 14. Ba3 Bxa1 15. Bxf8 Kxf8 16. Rxa1 Be6 17. Rc1 1/2-1/2

[Event "28th Rubinstein Memorial"]
[Site "Polanica Zdroj POL"]
[Date "1991.09.??"]
[Round "3"]
[White "Schmittdiel, Eckhard"]
[Black "Mainka, Romuald"]
[WhiteElo "2490"]
[BlackElo "2445"]
[Result "1/2-1/2"]
[EventDate "1991.09.03"]
[PlyCount "20"]
1. b3 d5 2. Bb2 e6 3. Nf3 Nf6 4. g3 Be7 5. Bg2 O-O 6. O-O c5 7. e3 Nc6 8. d4 cxd4 9. exd4 Bd7 10. Nbd2 Rc8 1/2-1/2

[Event "28th Rubinstein Memorial"]
[Site "Polanica Zdroj POL"]
[Date "1991.09.??"]
[Round "4"]
[White "Kuczynski, Robert"]
[Black "Schmittdiel, Eckhard"]
[WhiteElo "2480"]
[BlackElo "2490"]
[Result "1/2-1/2"]
[EventDate "1991.09.03"]
[PlyCount "25"]
1. e4 e6 2. d4 d5 3. Nc3 Nf6 4. e5 Nfd7 5. f4 a6 6. Nf3 b5 7. Ne2 c5 8. c3 Nc6 9. g3 b4 10. Bh3 bxc3 11. bxc3 cxd4 12. cxd4 Nb6 13. O-O 1/2-1/2

[Event "28th Rubinstein Memorial"]
[Site "Polanica Zdroj POL"]
[Date "1991.09.??"]
[Round "4"]
[White "Smejkal, Jan"]
[Black "Gdanski, Jacek"]
[WhiteElo "2555"]
[BlackElo "2430"]
[Result "1-0"]
[EventDate "1991.09.03"]
[PlyCount "125"]
1. Nf3 c5 2. c4 Nc6 3. d4 cxd4 4. Nxd4 Nf6 5. Nc3 e6 6. g3 Qb6 7. Nb3 Ne5 8. e4 Bb4 9. Qe2 d6 10. f4 Nc6 11. Be3 Bxc3+ 12. bxc3 Qc7 13. Bg2 e5 14. c5 dxc5 15. Bxc5 Bg4 16. Qe3 b6 17. Ba3 O-O-O 18. f5 Qb7 19. h3 Qa6 20. hxg4 Qxa3 21. g5 Ne8 22. O-O h6 23. f6 gxf6 24. gxh6 Qf8 25. Rfd1 Nd6 26. c4 Qxh6 27. Qxh6 Rxh6 28. c5 bxc5 29. Nxc5 Nd4 30. Kf2 Nb7 31. Rac1 Nxc5 32. Rxc5+ Kd7 33. Rb1 Ke6 34. Rc7 a6 35. Rb6+ Rd6 36. Rxd6+ Kxd6 37. Ra7 Nc6 38. Rxa6 Kc5 39. Ra8 Rg6 40. Rc8 Kd6 41. a4 Rh6 42. Kg1 Rg6 43. Kf2 Rh6 44. Ra8 Kc7 45. Rf8 Nd8 46. a5 f5 47. exf5 Ra6 48. Bd5 Kd7 49. Bxf7 Ke7 50. Re8+ Kxf7 51. Rxd8 Rxa5 52. g4 Ra3 53. Rd6 e4 54. Re6 Rf3+ 55. Kg2 Re3 56. Ra6 Kg7 57. Re6 Kf7 58. Rh6 Ra3 59. Rh3 e3 60. Rh6 e2 61. Re6 Ra2 62. Kf3 Ra3+ 63. Kxe2 1-0

[Event "28th Rubinstein Memorial"]
[Site "Polanica Zdroj POL"]
[Date "1991.09.??"]
[Round "5"]
[White "Lautier, Joel"]
[Black "Wojtkiewicz, Aleksander"]
[WhiteElo "2560"]
[BlackElo "2510"]
[Result "1/2-1/2"]
[EventDate "1991.09.03"]
[PlyCount "87"]
1. c4 c5 2. Nf3 Nf6 3. Nc3 Nc6 4. d4 cxd4 5. Nxd4 e6 6. Bg5 Bb4 7. Rc1 h6 8. Bxf6 Qxf6 9. Ndb5 O-O 10. a3 Be7 11. e3 Rd8 12. Be2 a6 13. Nd4 d5 14. Nxc6 bxc6 15. O-O Rb8 16. Qc2 a5 17. Rfd1 Bd7 18. Bf3 Bd6 19. Na4 Be5 20. Rb1 Be8 21. Be2 Bd6 22. g3 g6 23. e4 dxe4 24. Qxe4 c5 25. b3 Bf8 26. Qe3 Rd4 27. Nc3 Rbd8 28. Nb5 Rxd1+ 29. Rxd1 Rxd1+ 30. Bxd1 Bc6 31. f3 Qa1 32. Qd3 Bxb5 33. cxb5 Qxa3 34. Bc2 Qb4 35. Kg2 h5 36. Bd1 Be7 37. Be2 Bf6 38. Qc4 Qd2 39. b6 Qd6 40. Qb5 Qb8 41. b7 Be7 42. Qd7 Bd6 43. f4 Qc7 44. Qc8+ 1/2-1/2

[Event "28th Rubinstein Memorial"]
[Site "Polanica Zdroj POL"]
[Date "1991.09.??"]
[Round "5"]
[White "Schmittdiel, Eckhard"]
[Black "Dolmatov, Sergei"]
[WhiteElo "2490"]
[BlackElo "2605"]
[Result "1-0"]
[EventDate "1991.09.03"]
[PlyCount "75"]
1. e4 e6 2. d4 d5 3. Nc3 Bb4 4. e5 c5 5. a3 Bxc3+ 6. bxc3 Ne7 7. a4 Nbc6 8. Nf3 Qa5 9. Qd2 Bd7 10. Ba3 cxd4 11. cxd4 Qxd2+ 12. Kxd2 f6 13. Bd3 b6 14. Rhb1 Kf7 15. Bb5 Rhd8 16. Bxe7 Nxe7 17. Rb3 Rac8 18. Ba6 Rb8 19. a5 bxa5 20. Rxa5 Rb6 21. Bd3 Nc6 22. Rxb6 axb6 23. Ra6 Rb8 24. Bb5 Ke7 25. Bxc6 Bxc6 26. Ra7+ Rb7 27. Ra8 Be8 28. Ne1 fxe5 29. dxe5 Bg6 30. Rg8 Kf7 31. Rc8 Ke7 32. Nf3 Be8 33. Ng5 Kd7 34. Ra8 Rc7 35. Nxh7 Ke7 36. Ng5 Bg6 37. c3 d4 38. cxd4 1-0

[Event "28th Rubinstein Memorial"]
[Site "Polanica Zdroj POL"]
[Date "1991.09.??"]
[Round "6"]
[White "Mainka, Romuald"]
[Black "Gdanski, Jacek"]
[WhiteElo "2445"]
[BlackElo "2430"]
[Result "0-1"]
[EventDate "1991.09.03"]
[PlyCount "92"]
1. e4 e6 2. d4 d5 3. Nc3 Bb4 4. e5 Ne7 5. a3 Bxc3+ 6. bxc3 c5 7. Nf3 Bd7 8. dxc5 Qc7 9. Bd3 Ba4 10. Rb1 Nd7 11. O-O Nxc5 12. Rb4 a6 13. Qe2 Rc8 14. Rg4 Ng6 15. h4 h5 16. Rxg6 Nxd3 17. Rxg7 Nxc1 18. Rxc1 Qxc3 19. Ng5 Rc7 20. Qe3 Qxe3 21. fxe3 Re7 22. Rf1 Rf8 23. Rf2 b5 24. c3 Bd1 25. Rf6 a5 26. Kf2 Bg4 27. Ke1 Bf5 28. Kd2 Be4 29. g3 Bf5 30. Rh6 Bg6 31. Nh7 Bxh7 32. Rhxh7 Rc7 33. Rxh5 Rc4 34. Rhg5 Ra4 35. Rg4 Rxa3 36. h5 Ra2+ 37. Kd3 Rh2 38. Rh7 Ke7 39. Rf4 a4 40. g4 a3 41. Rf1 a2 42. g5 b4 43. cxb4 Rb2 44. Ra1 Ra8 45. g6 Ra3+ 46. Kd4 Rc2 0-1

[Event "28th Rubinstein Memorial"]
[Site "Polanica Zdroj POL"]
[Date "1991.09.??"]
[Round "7"]
[White "Gdanski, Jacek"]
[Black "Kuczynski, Robert"]
[WhiteElo "2430"]
[BlackElo "2480"]
[Result "0-1"]
[EventDate "1991.09.03"]
[PlyCount "80"]
1. e4 c5 2. Nf3 d6 3. d4 cxd4 4. Nxd4 Nf6 5. Nc3 a6 6. Be2 e5 7. Nb3 Be7 8. Be3 Be6 9. f4 exf4 10. Bxf4 Nc6 11. Qd2 O-O 12. O-O-O Ne5 13. Kb1 b5 14. h3 Re8 15. Rhf1 Rc8 16. g4 Nc4 17. Bxc4 Rxc4 18. Bxd6 Qxd6 19. Qxd6 Bxd6 20. Rxd6 b4 21. Na4 Rxe4 22. Nac5 Re3 23. Nxe6 R8xe6 24. Rxe6 fxe6 25. Nc5 a5 26. b3 h6 27. Kb2 Rxh3 28. Nxe6 Re3 29. Nd4 Nxg4 30. Nc6 h5 31. Rh1 Nf6 32. Nxa5 g5 33. Nc6 g4 34. Nxb4 g3 35. a4 h4 36. Nd3 Rxd3 37. cxd3 g2 38. Rg1 h3 39. a5 Kf7 40. a6 h2 0-1

[Event "28th Rubinstein Memorial"]
[Site "Polanica Zdroj POL"]
[Date "1991.09.??"]
[Round "7"]
[White "Lau, Ralf"]
[Black "Dolmatov, Sergei"]
[WhiteElo "2500"]
[BlackElo "2605"]
[Result "1/2-1/2"]
[EventDate "1991.09.03"]
[PlyCount "40"]
1. e4 e6 2. d4 d5 3. Nc3 Nf6 4. Bg5 dxe4 5. Nxe4 Nbd7 6. Nf3 Be7 7. Nxf6+ Bxf6 8. Qd2 O-O 9. O-O-O Bxg5 10. Nxg5 Nf6 11. Bd3 b6 12. h4 Bb7 13. Rh3 Qd6 14. Rg3 Kh8 15. Nxh7 Nxh7 16. Bxh7 Kxh7 17. Rxg7+ Kxg7 18. Qg5+ Kh7 19. Qh5+ Kg7 20. Qg5+ Kh7 1/2-1/2

[Event "28th Rubinstein Memorial"]
[Site "Polanica Zdroj POL"]
[Date "1991.09.??"]
[Round "7"]
[White "Schmittdiel, Eckhard"]
[Black "Wojtkiewicz, Aleksander"]
[WhiteElo "2490"]
[BlackElo "2510"]
[Result "1/2-1/2"]
[EventDate "1991.09.03"]
[PlyCount "127"]
1. e4 d6 2. d4 Nf6 3. Bd3 e5 4. c3 g6 5. f4 Bg7 6. Nf3 Nc6 7. O-O O-O 8. d5 Ne7 9. fxe5 dxe5 10. c4 c6 11. Nc3 cxd5 12. cxd5 Ne8 13. Qb3 Nd6 14. Be3 Bd7 15. a4 Nec8 16. Nd2 f5 17. Bb5 Rf7 18. Bxd7 Qxd7 19. a5 f4 20. Bc5 g5 21. Qa4 Qc7 22. b4 g4 23. Nb5 Qd8 24. Nxd6 Nxd6 25. Qd1 h5 26. h3 Qd7 27. hxg4 hxg4 28. Bxd6 Qxd6 29. Qxg4 Qxb4 30. Rf2 Rd8 31. Rb1 Qd4 32. Qe6 Rdd7 33. Rc1 Bf8 34. Nf3 Qxe4 35. Nxe5 Rde7 36. Qg6+ Qxg6 37. Nxg6 Rc7 38. Rfc2 Rxc2 39. Rxc2 Bb4 40. Ne5 Rf5 41. Rc8+ Kg7 42. Rc7+ Kh6 43. Nd3 Bd6 44. Rxb7 Rxd5 45. Rb3 Rxa5 46. Kf2 Kg6 47. Kf3 Kf5 48. Rb7 Ra3 49. Rb5+ Ke6 50. Ke4 Ra4+ 51. Kf3 Ra3 52. Ke4 Ra4+ 53. Kf3 Rc4 54. Ra5 Bb8 55. Ra6+ Ke7 56. Ra5 Rd4 57. Ne5 Kd6 58. Ng6 Ke6 59. Kg4 Kf6 60. Ra6+ Kf7 61. Kf5 Kg7 62. Ne7 Rd6 63. Rxd6 Bxd6 64. Nc8 {a7 [Stohl,I]} 1/2-1/2

[Event "28th Rubinstein Memorial"]
[Site "Polanica Zdroj POL"]
[Date "1991.09.??"]
[Round "7"]
[White "Smejkal, Jan"]
[Black "Adorjan, Andras"]
[WhiteElo "2555"]
[BlackElo "2530"]
[Result "1/2-1/2"]
[EventDate "1991.09.03"]
[PlyCount "40"]
1. c4 g6 2. Nf3 Bg7 3. d4 Nf6 4. g3 c5 5. Bg2 cxd4 6. Nxd4 Nc6 7. O-O O-O 8. Nc3 Ng4 9. e3 d6 10. b3 Nxd4 11. exd4 Nh6 12. Bd2 Rb8 13. d5 a6 14. a4 Bd7 15. Re1 b5 16. axb5 axb5 17. cxb5 Bxb5 18. Nxb5 Rxb5 19. Bxh6 Bxh6 20. Bf1 Rb7 1/2-1/2

[Event "28th Rubinstein Memorial"]
[Site "Polanica Zdroj POL"]
[Date "1991.09.??"]
[Round "8"]
[White "Dolmatov, Sergei"]
[Black "Gdanski, Jacek"]
[WhiteElo "2605"]
[BlackElo "2430"]
[Result "1/2-1/2"]
[EventDate "1991.09.03"]
[PlyCount "117"]
1. e4 e6 2. d4 d5 3. Nc3 Bb4 4. e5 Ne7 5. a3 Bxc3+ 6. bxc3 c5 7. Nf3 Bd7 8. Bd3 c4 9. Be2 Ba4 10. h4 Nbc6 11. h5 Qa5 12. Bd2 h6 13. O-O O-O-O 14. Re1 Rdg8 15. g3 Qd8 16. Nh4 Kb8 17. Bg4 Ka8 18. Ra2 Qd7 19. Qf3 Rf8 20. Ng2 Nf5 21. Nf4 Nce7 22. Bh3 g6 23. Bg4 g5 24. Ng2 f6 25. Qe2 Nc6 26. exf6 Rxf6 27. Kh2 Qg7 28. f3 Rhf8 29. Be3 Nd6 30. Bg1 Re8 31. Qd2 Qf7 32. Re3 Ne7 33. Re5 Bd7 34. Ra1 Nc6 35. Qe2 Nf5 36. f4 Nxg3 37. Kxg3 gxf4+ 38. Kf3 Rg8 39. Nh4 Rxg4 40. Kxg4 Qg7+ 41. Ng6 Be8 42. Kh3 Bxg6 43. hxg6 Rxg6 44. Kh2 f3 45. Qxf3 Nxe5 46. dxe5 Qxe5+ 47. Kh1 Rf6 48. Qg4 Qf5 49. Qxf5 Rxf5 50. Re1 e5 51. Bd4 e4 52. a4 b6 53. a5 bxa5 54. Ra1 Kb7 55. Rxa5 a6 56. Kg2 h5 57. Kg3 Rf3+ 58. Kh4 e3 59. Rxd5 1/2-1/2

[Event "28th Rubinstein Memorial"]
[Site "Polanica Zdroj POL"]
[Date "1991.09.??"]
[Round "8"]
[White "Lautier, Joel"]
[Black "Lau, Ralf"]
[WhiteElo "2560"]
[BlackElo "2500"]
[Result "1-0"]
[EventDate "1991.09.03"]
[PlyCount "101"]
1. d4 Nf6 2. c4 e6 3. Nc3 Bb4 4. Qc2 O-O 5. Bg5 d6 6. e3 h6 7. Bh4 e5 8. Nge2 Re8 9. O-O-O Bxc3 10. Nxc3 Nbd7 11. dxe5 Rxe5 12. e4 b6 13. f4 Re6 14. g3 Bb7 15. Bh3 Rxe4 16. Nxe4 Bxe4 17. Qxe4 Nxe4 18. Bxd8 Rxd8 19. Rhf1 a5 20. Rde1 Ndc5 21. Re3 d5 22. cxd5 Rxd5 23. Bg2 f5 24. Rd1 c6 25. Bf1 Kf8 26. Bc4 Rxd1+ 27. Kxd1 Ke7 28. Kc2 Kf6 29. Bf1 Ke6 30. Re1 Kd6 31. Bg2 Nf6 32. Kd2 g6 33. Bf3 Kd7 34. Rb1 Ne6 35. b4 axb4 36. Rxb4 Kc7 37. Rc4 c5 38. Ra4 Nd4 39. Bg2 g5 40. Ra7+ Kd6 41. a4 gxf4 42. gxf4 Nd7 43. Ra8 Ne6 44. Ke3 c4 45. Rc8 Nec5 46. Kd4 Nxa4 47. Kxc4 Nf6 48. Rc6+ Ke7 49. Bh3 Ne4 50. Kb4 Nec5 51. Bxf5 1-0

[Event "28th Rubinstein Memorial"]
[Site "Polanica Zdroj POL"]
[Date "1991.09.??"]
[Round "9"]
[White "Adorjan, Andras"]
[Black "Mainka, Romuald"]
[WhiteElo "2530"]
[BlackElo "2445"]
[Result "1-0"]
[EventDate "1991.09.03"]
[PlyCount "65"]
1. c4 e5 2. Nc3 Bb4 3. Nd5 a5 4. g3 Nf6 5. Bg2 O-O 6. Nf3 Nxd5 7. cxd5 Re8 8. O-O c6 9. d4 e4 10. Ng5 cxd5 11. Qb3 h6 12. Nh3 Nc6 13. Qxd5 a4 14. a3 Ra5 15. Qa2 Bf8 16. Bd2 Rb5 17. d5 Na5 18. Bc3 Nb3 19. Rad1 Qc7 20. Nf4 Bd6 21. e3 Bxf4 22. exf4 d6 23. Rfe1 Bf5 24. Qb1 Rf8 25. Bxe4 Bg4 26. f3 Bh3 27. Bf5 Qc5+ 28. Kh1 Bxf5 29. Qxf5 Qf2 30. Qg4 g6 31. Re6 Qc2 32. Rde1 Rc5 33. f5 1-0

[Event "28th Rubinstein Memorial"]
[Site "Polanica Zdroj POL"]
[Date "1991.09.??"]
[Round "9"]
[White "Lau, Ralf"]
[Black "Schmittdiel, Eckhard"]
[WhiteElo "2500"]
[BlackElo "2490"]
[Result "1-0"]
[EventDate "1991.09.03"]
[PlyCount "89"]
1. e4 e6 2. d3 c5 3. Nf3 Nc6 4. g3 g6 5. Bg2 Bg7 6. O-O Nge7 7. Re1 d6 8. c3 e5 9. a3 a5 10. a4 O-O 11. Na3 h6 12. Nc4 Be6 13. Bd2 f5 14. exf5 gxf5 15. Qb3 Bf7 16. Qb5 Ra6 17. Nh4 Qc7 18. Bxc6 Rxc6 19. Qxa5 b6 20. Qb5 Be8 21. a5 bxa5 22. Qxa5 Qd7 23. f4 e4 24. dxe4 Bf7 25. Qa4 fxe4 26. Rxe4 Bf6 27. Nf3 Qc8 28. Rae1 Nf5 29. Ne3 Ra6 30. Qb5 Ra8 31. Nxf5 Qxf5 32. Bc1 Ra1 33. Qe2 d5 34. Re3 d4 35. cxd4 cxd4 36. Re4 Qc5 37. Bd2 Ra2 38. Ne5 Bxe5 39. Rxe5 Qb6 40. Qg4+ Qg6 41. Qxg6+ Bxg6 42. Bb4 Rb8 43. Ba3 Bc2 44. Rd5 d3 45. Rd7 1-0

[Event "28th Rubinstein Memorial"]
[Site "Polanica Zdroj POL"]
[Date "1991.09.??"]
[Round "10"]
[White "Dolmatov, Sergei"]
[Black "Smejkal, Jan"]
[WhiteElo "2605"]
[BlackElo "2555"]
[Result "1/2-1/2"]
[EventDate "1991.09.03"]
[PlyCount "71"]
1. e4 e5 2. Nf3 Nc6 3. Bb5 Nf6 4. O-O Nxe4 5. d4 Nd6 6. Bxc6 dxc6 7. dxe5 Nf5 8. Qxd8+ Kxd8 9. Nc3 h6 10. h3 Ke8 11. b3 Be6 12. Bb2 Bb4 13. Ne2 a5 14. Nf4 Bd5 15. Nxd5 cxd5 16. g4 Ne7 17. e6 fxe6 18. Bxg7 Rh7 19. Bb2 Ng6 20. Ne5 Nf4 21. Kh2 Ke7 22. Bc1 Ne2 23. f4 Bc3 24. Rb1 Nxc1 25. Rbxc1 Bxe5 26. fxe5 Rg8 27. Kg3 h5 28. c4 hxg4 29. hxg4 c6 30. cxd5 exd5 31. Rce1 Rgh8 32. g5 Rh3+ 33. Kg4 R3h4+ 34. Kg3 Rh3+ 35. Kg4 R3h4+ 36. Kg3 1/2-1/2

[Event "28th Rubinstein Memorial"]
[Site "Polanica Zdroj POL"]
[Date "1991.09.??"]
[Round "10"]
[White "Gdanski, Jacek"]
[Black "Schmittdiel, Eckhard"]
[WhiteElo "2430"]
[BlackElo "2490"]
[Result "1/2-1/2"]
[EventDate "1991.09.03"]
[PlyCount "126"]
1. Nf3 Nf6 2. g3 c5 3. Bg2 g6 4. b3 Bg7 5. Bb2 O-O 6. c4 Nc6 7. O-O d6 8. e3 e5 9. Nc3 Bf5 10. d4 exd4 11. exd4 Ne4 12. Na4 Ng5 13. Nxg5 Qxg5 14. dxc5 Bxb2 15. Nxb2 dxc5 16. Qd5 Qf6 17. Na4 Rad8 18. Qxc5 Rd2 19. Qe3 Rd3 20. Qh6 b6 21. Rae1 Nd4 22. Re3 Nc2 23. g4 Nxe3 24. fxe3 Qg7 25. Qxg7+ Kxg7 26. gxf5 Rxe3 27. Bd5 g5 28. Nb2 Rfe8 29. Nd1 Re1 30. Nf2 h5 31. b4 Kf6 32. Kg2 Rxf1 33. Kxf1 Kxf5 34. Bxf7 Rc8 35. Ke2 g4 36. a4 Rh8 37. c5 bxc5 38. bxc5 h4 39. Bd5 g3 40. hxg3 hxg3 41. Nd3 Kf6 42. Kf3 Rh2 43. Nf4 Ke5 44. Bb3 g2 45. Nd3+ Kf6 46. Kf2 Rh3 47. Bc4 Rg3 48. Kg1 Rg4 49. Bb5 Ke7 50. Ne5 Rg7 51. Nc6+ Ke6 52. Nb8 Rg8 53. Na6 Rg6 54. c6 Kd6 55. c7 Rg8 56. a5 Rc8 57. Kxg2 Rxc7 58. Nxc7 Kxc7 59. Kf3 Kd6 60. Ke4 Kc5 61. Be2 Kb4 62. a6 Kc5 63. Ke5 Kc6 1/2-1/2